Orlando: a biography

Сохранить в:
Библиографические подробности
Главный автор: Woolf, Virginia, 1882-1941 (autora)
Формат:
Язык:английский
Опубликовано: Hemel Hempstead Wordsworth 2003
Редактирование:1a. ed
Серии:Wordsworth Classics
Предметы:
Метки: Добавить метку
Нет меток, Требуется 1-ая метка записи!

MARC

LEADER 00000nam a2200000 a 4500
001 UCI8275
003 CL-VaPUC
008 080821e20030000uk |||||||||||||||||eng|d
020 |a 1853262390 
082 0 4 |a 823.9  |b WOO  |2 21 
100 |a Woolf, Virginia,   |d 1882-1941  |e autora  |9 265377 
245 1 0 |a Orlando: a biography 
250 |a 1a. ed 
300 |a 166 p 
942 |c BK 
945 |d 20080821 00:00:00  |a jtorresc 
260 |a Hemel Hempstead  |b Wordsworth  |c 2003 
650 0 |a Novelas inglesas  |9 265220 
650 0 |a Literatura inglesa  |9 312907 
650 0 |a Ciencia ficción   |9 314542 
583 |a last modification  |c 20171221 02:57:15  |k Rodrigo Vera 
490 0 |a Wordsworth Classics 
999 |c 331269  |d 331267 
952 |0 0  |1 0  |4 0  |6 823_900000000000000_WOO_2003  |7 0  |8 A  |9 417565  |a BIBEDU  |b BIBEDU  |d 2019-11-22  |i 4473922  |l 2  |m 1  |o 823.9 WOO 2003  |p 4473922  |r 2023-10-23  |s 2023-08-24  |w 2019-11-22  |y BK  |k LIT